00563nam a2200193Ia 4500003000900000005001700009008004100026040003300067041000800100080000900108100001900117245005400136260002500190300001900215700002200234942000700256952008900263999001700352LK-CoDNM20230916144732.0010623t1903 xxu||||| |||| 00| 1 eng d aLK-CoDNMdLK-CoDNMeLK-CoDNM aeng a12E6 aBradley,Henry. aA new English Dictionary on Historical Principles bOxfordaLondonc1903 bIV,528p.,32 cm aMurray,James.A.H. cBK 001041708OBCaMAINbMAINd2023-09-16l0o12E6p12E6-1r2023-08-02w2023-08-02yBK c85561d85561